000
00286nam a22001337a 4500
008
170612b xxu||||| |||| 00| 0 eng d
020
_a
9780195304954
041
_a
eng
080
_a
32
100
_a
19
101
_a
SHP
245
_a
SHOPPING FOR BOMBS
_c
CORERA, G
942
_2
udc
_c
BK
999
_c
16976
_d
16976